Loading...
| History - European | 0 | 4 | 0 | 1 | 40 | 22 | 57.50 | 1 | 1 | 18.03 | 20.00 |
| History - World | 0 | 2 | 0 | 0 | 20 | 22 | 48.50 | 0 | 1 | 10.98 | 12.22 |
| Fine Arts - Classical Music | 0 | 2 | 0 | 0 | 20 | 83 | 95.50 | 0 | 1 | 4.02 | 14.44 |
| Mythology | 0 | 2 | 0 | 0 | 20 | 70 | 72.00 | 2 | 2 | 6.83 | 20.00 |
| Science - Other | 0 | 2 | 0 | 1 | 20 | 82 | 96.00 | 0 | 0 | 2.13 | 8.89 |
| History - American | 0 | 2 | 0 | 1 | 20 | 52 | 77.50 | 1 | 1 | 5.10 | 14.44 |
| Social Science | 0 | 1 | 0 | 0 | 10 | 82 | 82.00 | 0 | 1 | 3.64 | 9.52 |
| Fine Arts - Other | 0 | 1 | 0 | 1 | 10 | 99 | 99.00 | 0 | 0 | 0.00 | 1.11 |
| Literature - European | 0 | 1 | 0 | 0 | 10 | 98 | 98.00 | 0 | 0 | 2.10 | 1.11 |
| Popular Culture | 0 | 1 | 0 | 0 | 10 | 40 | 40.00 | 0 | 1 | 12.73 | 15.56 |
| Science - Chemistry | 0 | 1 | 0 | 1 | 10 | 95 | 95.00 | 0 | 0 | 0.10 | 2.22 |
| Current Events | 0 | 1 | 0 | 0 | 10 | 65 | 65.00 | 0 | 0 | 7.96 | 2.22 |
| Geography | 0 | 1 | 1 | 0 | 5 | 68 | 68.00 | 0 | 1 | 7.64 | 13.33 |
| Religion | 0 | 1 | 1 | 0 | 5 | 63 | 63.00 | 0 | 1 | 3.88 | 8.89 |
| Science - Physics | 0 | 0 | 1 | 0 | -5 | 0.00 | 0 | 0 | 0.00 | 0.00 |